Public Safety Charitable Trust Ltd v Milton Keynes Council; Public Safety Charitable Trust Ltd v South Cambridgeshire District Council; Cheshire West and Chester Borough Council v Public Safety Charitable Trust Ltd (Record no. 84474)

MARC details
000 -LEADER
fixed length control field 01426cad a22002415a 4500
001 - CONTROL NUMBER
control field L157838
008 - FIXED-LENGTH DATA ELEMENTS--GENERAL INFORMATION
fixed length control field 130531e2013 xxk 000 0 eng d
035 ## - SYSTEM CONTROL NUMBER
System control number (Sirsi) u157838
041 0# - LANGUAGE CODE
Language code of text/sound track or separate title eng
245 00 - TITLE STATEMENT
Title Public Safety Charitable Trust Ltd v Milton Keynes Council; Public Safety Charitable Trust Ltd v South Cambridgeshire District Council; Cheshire West and Chester Borough Council v Public Safety Charitable Trust Ltd
260 ## - PUBLICATION, DISTRIBUTION, ETC.
Date of publication, distribution, etc. 2013
520 ## - SUMMARY, ETC.
Summary, etc. [2013] EWHC 1237 (Admin), 14 May 2013. Three cojoined appeals concerning the test for relief for charities from non-domestic rates on the grounds that the property is used wholly or mainly used for charitable purposes in accordance with the Local Government Finance Act 1988 s43(6)(a). Appeals by Milton Keynes Council and South Cambridge DC dismissed, appeal by Cheshire West and Chester Borough Council. allowed.
590 ## - LOCAL NOTE (RLIN)
Local note KA
650 24 - SUBJECT ADDED ENTRY--TOPICAL TERM
Topical term or geographic name entry element Public Safety Charitable Trust Ltd v Milton Keynes Council
650 24 - SUBJECT ADDED ENTRY--TOPICAL TERM
Topical term or geographic name entry element Public Safety Charitable Trust Ltd v South Cambridgeshire DC
650 24 - SUBJECT ADDED ENTRY--TOPICAL TERM
Topical term or geographic name entry element Cheshire West and Chester BC v Public Safety Charitable Trust Ltd
650 24 - SUBJECT ADDED ENTRY--TOPICAL TERM
Topical term or geographic name entry element Local Government Finance Act 1988 s43(6)(a)
651 #4 - SUBJECT ADDED ENTRY--GEOGRAPHIC NAME
Geographic name England
690 ## - LOCAL SUBJECT ADDED ENTRY--TOPICAL TERM (OCLC, RLIN)
Topical term or geographic name as entry element Finance and taxation
690 ## - LOCAL SUBJECT ADDED ENTRY--TOPICAL TERM (OCLC, RLIN)
Topical term or geographic name as entry element Commercial property
9 (RLIN) 6227
856 40 - ELECTRONIC LOCATION AND ACCESS
Uniform Resource Identifier <a href="https://www.bailii.org/ew/cases/EWHC/Admin/2013/1237.html">https://www.bailii.org/ew/cases/EWHC/Admin/2013/1237.html</a>
Public note View the law report free of charge at www.bailii.org
942 ## - ADDED ENTRY ELEMENTS (KOHA)
Suppress in OPAC 0
Holdings
Withdrawn status Lost status Source of classification or shelving scheme Damaged status Not for loan Home library Current library Shelving location Date acquired Total Checkouts Full call number Barcode Date last seen Copy number Price effective from Koha item type
    Dewey Decimal Classification     Virtual Virtual Online 31/05/2013   ONLINE PUBLICATION 157838-2001 06/08/2019 1 06/08/2019 Law report